Laufey jazz standard collection - Statistics

General Stats
  • This quiz has been taken 11 times
  • The average score is 8 of 11
Answer Stats
Original / Laufey's Inspo Answer % Correct
Chet Baker I've Never Been In Love Before
89%
Sam Cooke I Wish You Love
89%
Ella Fitzgerald Misty
89%
Chet Baker It Could Happen To You
78%
Carmen Lombardo and John Jacob Loeb Seems Like Old Times
78%
Ella Fitzgerald Everytime We Say Goodbye
67%
Ella Fitzgerald and Louis Armstrong The Nearness Of You
67%
Benny Goodman Where Or When
67%
Miles Davis Blue In Green
56%
Matty Malneck Lets Dream In The Moonlight
56%
Jimmy Van Heusen But Beautiful
44%
No matching quizzes found
Score Distribution
Percent of People with Each Score
Percentile by Number Answered
Your Score History
You have not taken this quiz